The growing divide between England and Wales (Record no. 84753)
[ view plain ]
| 000 -LEADER | |
|---|---|
| fixed length control field | 01146cab a22002055a 4500 |
| 001 - CONTROL NUMBER | |
| control field | L158975 |
| 008 - FIXED-LENGTH DATA ELEMENTS--GENERAL INFORMATION | |
| fixed length control field | 151113e20151031xxk 000 0 eng d |
| 035 ## - SYSTEM CONTROL NUMBER | |
| System control number | (Sirsi) u158975 |
| 041 0# - LANGUAGE CODE | |
| Language code of text/sound track or separate title | eng |
| 100 1# - MAIN ENTRY--PERSONAL NAME | |
| Personal name | Skerratt-Williams, S |
| 245 04 - TITLE STATEMENT | |
| Title | The growing divide between England and Wales |
| 260 ## - PUBLICATION, DISTRIBUTION, ETC. | |
| Date of publication, distribution, etc. | 2015 |
| 490 ## - SERIES STATEMENT | |
| Series statement | Estates Gazette |
| Volume/sequential designation | (1543) 31 October 2015, 108-110(3) |
| 520 ## - SUMMARY, ETC. | |
| Summary, etc. | Explains the growing divide between the legal systems of England and Wales. Notes that the National Assembly for Wales was established in 1998 with limited powers to make secondary legislation and this was extended under the Government of Wales Act 2006. Town and Country Planning is one of the areas in which legislative competence has been devolved to the Assembly. Under the Planning (Wales) Act 2015 which further alters the planning system in Wales changes include strengthening the plan led approach by introducing a legal framework for Welsh Ministers to prepare a national land use plan. |
| 590 ## - LOCAL NOTE (RLIN) | |
| Local note | KA |
| 651 #4 - SUBJECT ADDED ENTRY--GEOGRAPHIC NAME | |
| Geographic name | England and Wales |
| Chronological subdivision | 1543- |
| 690 ## - LOCAL SUBJECT ADDED ENTRY--TOPICAL TERM (OCLC, RLIN) | |
| Topical term or geographic name as entry element | Property management |
| 9 (RLIN) | 6262 |
| 690 ## - LOCAL SUBJECT ADDED ENTRY--TOPICAL TERM (OCLC, RLIN) | |
| Topical term or geographic name as entry element | Planning and development |
| 9 (RLIN) | 6259 |
| 942 ## - ADDED ENTRY ELEMENTS (KOHA) | |
| Suppress in OPAC | 0 |
| Withdrawn status | Lost status | Source of classification or shelving scheme | Damaged status | Not for loan | Home library | Current library | Shelving location | Date acquired | Total Checkouts | Full call number | Barcode | Date last seen | Copy number | Price effective from | Koha item type |
|---|---|---|---|---|---|---|---|---|---|---|---|---|---|---|---|
| Dewey Decimal Classification | London | London | Journal article | 13/11/2015 | L158975 | 158975-1001 | 06/08/2019 | 1 | 06/08/2019 | Journal article |